| 000 | 00798nam a22002177a 4500 | ||
|---|---|---|---|
| 999 |
_c11483 _d11483 |
||
| 003 | AR-CdUCM | ||
| 008 | 190404b ||||| |||| 00| 0 spa d | ||
| 040 |
_aMUNICIPALIDAD PROVINCIAL DEL CUSCO _cBIBLIOTECA MUNICIPAL DEL CUSCO |
||
| 082 |
_a345.7 / _bM93 / 1939 |
||
| 100 |
_aMujica Ortiz, David _928866 |
||
| 245 | _aIndice razonado de ejecutorias suprema / | ||
| 260 |
_aAbancay : _bCip, _c1940. |
||
| 300 |
_a140 páginas ; _c21 cm. |
||
| 505 | _aContenido: t.1. Las publicaciones en los "Anales judiciales del Perú" y ene los "Anales judiciales de la corte suprema de justicia" desde 1871 a 1935. | ||
| 650 |
_aPoder judicial _96955 |
||
| 650 |
_aCorte suprema _928867 |
||
| 650 |
_aEjecutorias _928862 |
||
| 700 |
_aAlegria Zapata, Moises _928868 |
||
| 942 |
_2ddc _cLIBROS |
||
| 945 | _aacv | ||